| Tag |
First Indicator |
Second Indicator |
Subfields |
| LEADER |
00000cam a2200000 4500 |
| 001 |
in00000257598 |
| 005 |
20151010053650.0 |
| 008 |
761016s1932 mdu 00110 eng |
| 010 |
|
|
|a 32018236
|
| 035 |
|
|
|a (OCoLC)02506676
|
| 035 |
|
|
|9 ABC5316AM
|
| 040 |
|
|
|a DLC
|c TJC
|d TXA
|d UtOrBLW
|
| 049 |
|
|
|a TXAM
|c [110371]
|
| 050 |
0 |
0 |
|a F2136
|b .T18
|
| 082 |
0 |
|
|a 972.97
|
| 100 |
1 |
|
|a Tansill, Charles Callan,
|d 1890-1964.
|
| 245 |
1 |
4 |
|a The purchase of the Danish West Indies /
|c [by] Charles Callan Tansill.
|
| 264 |
|
1 |
|a Baltimore :
|b The Johns Hopkins press;
|a London :
|b H. Milford, Oxford university press,
|c 1932.
|
| 300 |
|
|
|a xiii, 548 pages ;
|c 20 cm.
|
| 336 |
|
|
|a text
|b txt
|2 rdacontent
|
| 337 |
|
|
|a unmediated
|b n
|2 rdamedia
|
| 338 |
|
|
|a volume
|b nc
|2 rdacarrier
|
| 490 |
0 |
|
|a The Albert Shaw lectures on diplomatic history, 1931
|
| 651 |
|
0 |
|a United States Virgin Islands
|x Annexation to the United States.
|
| 651 |
|
0 |
|a United States
|x Foreign relations
|z Denmark.
|
| 651 |
|
0 |
|a Denmark
|x Foreign relations
|z United States.
|
| 999 |
|
|
|a MARS
|
| 999 |
f |
f |
|s fbc689ba-ba8f-334f-af55-62bd76a38eb7
|i ae31cb1e-4b22-3f6a-b76d-1e521e74a594
|t 0
|
| 952 |
f |
f |
|p normal
|a Texas A&M University
|b College Station
|c Sterling C. Evans Library
|d Evans: Library Stacks
|t 0
|e F2136 .T18
|h Library of Congress classification
|i unmediated -- volume
|m A14802361849
|
| 998 |
f |
f |
|a F2136 .T18
|t 0
|l Evans: Library Stacks
|